| 000 | 00958nas a2200313 4500 | ||
|---|---|---|---|
| 001 | BR2013005154 | ||
| 003 | BR-BrBNA | ||
| 005 | 20231205122613.0 | ||
| 007 | ta | ||
| 008 | 230509b bl.|||p| |||| 00| 00por d | ||
| 040 |
_aBR-BrBNA _bpor _cBiblioteca Nacional de Agricultura |
||
| 041 | _a(Pt) | ||
| 072 | _aP40; H20; B10 | ||
| 100 | 1 | _aLopes, M.V. | |
| 100 | 1 | _aBarreto, M. | |
| 100 | 1 | _aScaloppi, E.A.G. | |
| 100 | 1 | _aBarbosa, J.C. | |
| 100 | 1 | _aBrunini, O. | |
| 245 | 1 | _aMapas de zonas de risco de epidemias e zoneamento agroclimático para o cancro cítrico no estado de São Paulo | |
| 650 | _aMAPA | ||
| 650 | _aZONEAMENTO CLIMÁTICO | ||
| 650 | _aCANCRO CÍTRICO | ||
| 650 | _aBACTÉRIA | ||
| 650 | _aDOENÇA DE PLANTA | ||
| 650 | _aSÃO PAULO | ||
| 773 | 0 |
_tSumma Phytopathologica (Brazil) _xISSN 0100-5405 _g(Oct-Dec 2008), v. 34(4) p. 349-353 _wBR2013005154 |
|
| 909 |
_a202311 _bLúcia _c55 _dLúcia Elande |
||
| 942 |
_2AGRIS _n0 _cANA |
||
| 999 |
_c229528 _d229528 |
||